00351nam a2200109Ia 4500008004000000082001600040100003700056245005100093260003500144300001400179650004800193210210b1985 xxu||||| |||| 00| 0 eng d a001.64 HWAC aHWANG (Kai) and BRIGGS (Faye A). aComputer architecture and parallel processing. aNYbMcGraw-Hill Book Co.c1985 axviii,846 aComputer architecture Parallel processing